Best NBA Players - Statistics

General Stats
  • This quiz has been taken 23 times
  • The average score is 7 of 10
Answer Stats
Name % Correct
Michael Jordan
100%
Kobe Bryant
90%
LeBron James
80%
Magic Johnson
70%
Wilt Chamberlain
70%
Kareem Abdul-Jabbar
60%
Larry Bird
60%
Bill Russell
50%
Shaquille O'Neal
40%
Oscar Robertson
30%
No matching quizzes found
Score Distribution
Percent of People with Each Score
Percentile by Number Answered
Your Score History
You have not taken this quiz